000 00469nam a22001697a 4500
999 _c40684
_d40684
003 OSt
005 20191104111445.0
008 191028b ||||| |||| 00| 0 eng d
020 _a9788190431941
040 _coclc
082 _a954
_bDHA/M
100 _aDhama, Tejpal Singh
_913
245 _aMahapurushon ka bachpan/
_cTejpal Singh Dhama
260 _aDelhi:
_bStar Publishing House,
_c2015
300 _a143p
942 _2ddc
_cBK
_h954
_iDHA/M